Zodpovedné podnikanie na báze legislatívy
Charekteristika vzťahových noriem správania človeka. Definovanie interaktívnych väzieb správania v bežnej činnosti. Klasifikácia etického minima zodpovedného podnikania. Legislatíva pre stakeholderov reprezentujúca etické minimum.
Salvato in:
| Autore principale: | |
|---|---|
| Altri autori: | |
| Natura: | Capitolo di libro |
| Lingua: | slovacco |
| Soggetti: | |
| Tags: |
Nessun Tag, puoi essere il primo ad aggiungerne!!
|
MARC
| LEADER | 00000naa$a2200000$$$4500 | ||
|---|---|---|---|
| 001 | 0143800 | ||
| 005 | 20240502072558.5 | ||
| 041 | 0 | |a slo | |
| 044 | |a SK | ||
| 245 | 1 | 0 | |a Zodpovedné podnikanie na báze legislatívy |c Gabriela Dubcová, Katarína Grančičová |
| 520 | |a Charekteristika vzťahových noriem správania človeka. Definovanie interaktívnych väzieb správania v bežnej činnosti. Klasifikácia etického minima zodpovedného podnikania. Legislatíva pre stakeholderov reprezentujúca etické minimum. | ||
| 610 | 2 | 0 | |a podnikanie |
| 610 | 2 | 0 | |a stratégia podnikateľská |
| 610 | 2 | 0 | |a kultúra podnikania |
| 610 | 2 | 0 | |a podnikanie zodpovedné |
| 610 | 2 | 0 | |a zodpovednosť spoločenská |
| 610 | 2 | 0 | |a vzťahy spoločenské |
| 610 | 2 | 0 | |a právo |
| 610 | 2 | 0 | |a morálka |
| 610 | 2 | 0 | |a etika podnikateľská |
| 100 | 1 | |a Dubcová, Gabriela, 1968- | |
| 700 | 1 | |a Grančičová, Katarína, 1967- | |